LEADER 01399nam--2200397---450- 001 990000811940203316 005 20050630150026.0 010 $a88-464-3130-8 035 $a0081194 035 $aUSA010081194 035 $a(ALEPH)000081194USA01 035 $a0081194 100 $a20011220d2001----km-y0itay0103----ba 101 0 $aita 102 $aIT 105 $ay|||z|||001yy 200 1 $aProfessione mediatrice culturale$eun'esperienza di formazione nel settore materno infantile$fCRINALI, associazione di ricerca, cooperazione e formazione interculturale tra donne 210 $aMilano$cFranco Angeli$dcopyr. 2001 215 $a160 p.$d23 cm 225 2 $aPolitiche e servizi sociali 410 0$12001$aPolitiche e servizi sociali 606 $aDonne immigrate$xAssistenza$yItalia 606 $aMaternità$xAssistenza 676 $a362.830945 710 02$aCRINALI, associazione di ricerca, cooperazione e formazione interculturale tra donne$0550723 801 0$aIT$bsalbc$gISBD 912 $a990000811940203316 951 $aII.4.3007(XV E COLL 20/111)$b160238 L.M.$cXV E COLL$d00077980 959 $aBK 969 $auma 979 $aCHIARA$b90$c20011220$lUSA01$h1017 979 $c20020403$lUSA01$h1727 979 $aPATRY$b90$c20040406$lUSA01$h1656 979 $aCOPAT7$b90$c20050630$lUSA01$h1500 996 $aProfessione mediatrice culturale$9966672 997 $aUNISA LEADER 01597nam a2200325 a 4500 001 991001566879707536 008 030423s2001 it a 001 0 mul 020 $a8872611873 035 $ab12165591-39ule_inst 040 $aBiblioteca Interfacoltà$bita 041 $aitagrcgre 100 1 $aGreco, Carmine$0451053 245 10$aLessico di Sternatia :$bpaese della Grecía salentina Lexico tou ellenikou idiomatos tes Sternatias : demou tes Gkraitsia salentina-kato italias : italiano-griko-neogreco, griko-italiano-neogreco, noegreco-griko /$cCarmine Greco, Georgia Lambroghiorgu ; con la collaborazione di/me te sunergasia ton Antonio Fasiello...[et al.] 260 $aLecce :$bEdizioni del Grifo,$c2001 300 $a593 p. :$bill. ;$c25 cm. 500 $aAltri collaboratori sono Benedetta Macchitelli, Antonio Gaetano Marti, Cosimo Pantaleo Mastrolia. 500 $aAltro titolo: Lexico tou ellenikou idiomatos tes Sternatias : demou tes Gkraitsia salentina-kato italias. 650 4$aDialetti greci moderni$xSalento$vDizionari 650 4$aLingua greca moderna$xSalento$vDizionari 700 1 $aLambroyorgu, Georgia 700 1 $aFasiello, Antonio 700 1 $aMacchitelli, Benedetta 700 1 $aMarti, Antonio Gaetano 700 1 $aMastrolia, Cosimo Pantaleo 907 $a.b12165591$b02-04-14$c23-04-03 912 $a991001566879707536 945 $aLE002 Sal. V L 49$g1$i2002000742100$lle002$og$pE0.00$q-$rn$so $t0$u1$v0$w1$x0$y.i12504567$z23-04-03 996 $aLessico di Sternatia$9147604 997 $aUNISALENTO 998 $ale002$b - - $cm$da $e-$fita$git $h0$i0